| 000 | 00541nam a2200205Ia 4500 | ||
|---|---|---|---|
| 003 | OSt | ||
| 005 | 20230323102323.0 | ||
| 008 | 210423s1999 xx 000 0 und d | ||
| 020 | _a521556252 | ||
| 040 | _cAL | ||
| 041 | _aeng | ||
| 082 |
_a828.609 _223 _bCLIG |
||
| 100 |
_aCLINGHAM (Greg),Ed. _976829 |
||
| 245 | _aCambridge companion to Samuel Johnson. | ||
| 260 |
_aUK _bCambridge University Press _c1999 |
||
| 300 |
_axx,266 _bPB |
||
| 365 |
_b1634 _cINR |
||
| 906 | _aCambridge ; companion ; Johnson. ; Samuel | ||
| 942 |
_2ddc _cBK |
||
| 999 |
_c155665 _d155665 |
||